AJR - Betty - Lyrics - Statistics

General Stats
  • This quiz has been taken 49 times
  • The average score is 292 of 368
Answer Stats
Lyrics % Correct
bet
100%
Betty,
100%
I
100%
you
96%
you,
96%
your
96%
Your
96%
hope
92%
my
92%
on
92%
really
92%
you're
92%
get
88%
side.
88%
to
88%
it.
85%
it
85%
me.
85%
me
85%
me,
85%
a
81%
back,
81%
he
81%
I'm
81%
So
81%
so?
81%
call
77%
shit
77%
together.
77%
when
77%
don't
73%
Don't
73%
hello,
73%
hello?
73%
just
73%
Just
73%
know
73%
know,
73%
know.
73%
Now
73%
now.
73%
right
73%
right.
73%
an
69%
could
69%
this
69%
this.
69%
trying
69%
at
65%
dad,
65%
for
65%
friends
65%
mom
65%
not
65%
out
65%
out.
65%
read
65%
say
65%
want
65%
work
65%
calls
62%
finger.
62%
hate
62%
kid.
62%
more.
62%
please
62%
pointing
62%
she
62%
son
62%
stop
62%
tell
62%
enough
58%
give
58%
ready
58%
then.
58%
two
58%
forever.
54%
if
54%
last
54%
man
54%
messages,
54%
that
54%
tried
54%
break
50%
'cause
50%
dinner.
50%
folks
50%
hour.
50%
slept
50%
wanna
50%
wonder
50%
ask
46%
barely
46%
face
46%
I'll
46%
like
46%
lose
46%
Next
46%
sorry,
46%
sure.
46%
them
46%
trust
46%
head.
42%
Or
42%
or
42%
see
42%
thinking
42%
time
42%
anything
38%
both
38%
I'd
38%
loud.
38%
maybe,
38%
maybe
38%
year
38%
Oh,
35%
straighten
35%
No matching quizzes found
Score Distribution
Percent of People with Each Score
Percentile by Number Answered
Your Score History
You have not taken this quiz